Bilecik Bilecik Bilecik Bilecik Bilecik

Osmanlı İmparatorluğunda çevre ve şehir/ (Record no. 59423)

MARC details
000 -BAŞLIK
Sabit Uzunluktaki Kontrol Alanı 01079nam a22002897a 4500
001 - KONTROL NUMARASI
Control Dosyası 0059619
003 - KONTROL NUMARASI KİMLİĞİ
Kontrol Alanı KOHA_MİRAKIL
005 - EN SON İŞLEM TARİHİ ve ZAMANI
Kontrol Alanı 20260207004235.0
007 - FİZİKSEL TANIM SABİT ALAN - GENEL BİLGİ
Sabit uzunluklu kontrol alanı ta
008 - SABİT UZUNLUKTAKİ VERİ ÖGELERİ - GENEL BİLGİ
Sabit Alan 190308b2015 xx a|||gr||||#0|||0|tur |
020 ## - ISBN - ULUSLARARASI STANDART KİTAP NUMARASI
Isbn 9786058616820
040 ## - KATALOGLAMA KAYNAĞI
Özgün Kataloglama Kurumu TR-BiSEU
Kataloglama Dili tur
Çeviri Kurumu TR-BiSEU
Açıklama Kuralları rda
041 0# - DİL KODU
Metin ya da ses kaydının dil kodu tur
044 ## - YAYINLAYAN/ÜRETEN KURULUŞUN ÜLKE KODU
ISO country code tu
050 ## - SINIFLAMA ve YER NUMARASI
Sınıflama Numarası HT169.T9
Yer Numarası O86 2015
245 0# - ESER ADI BİLDİRİMİ
Başlık Osmanlı İmparatorluğunda çevre ve şehir/
Sorumluluk Bildirimi Chapter advisors and authors Erol Özvar, Fehmi Yılmaz, Recep Karacakaya, Selim Karahasanoğlu, Zekai Mete, Ekrem Tak, M. Mert Sunar, Yunus Uğur Kemal Gurulkan ; project advisor Mehmet Genç ; project manager Fehmi Yılmaz.
264 #1 - ÜRERİM, YAYIN, DAĞITIM ve TELİF BİLDİRİMİ
Yayın yeri İstanbul :
Yayınlayan İstanbul Medeniyet Ünivesitesi- T.C. Çevre ve Şehircilik Bakanlığı
Yayın tarihi 2015
300 ## - FİZİKSEL TANIMLAMA
Sayfa, Cilt vb. 310 sayfa :
Diğer fiziki detaylar resimli ;
Boyutları 29 cm.
336 ## - İÇERİK TÜRÜ
Content type term metin
Content type code txt
Source rdacontent
337 ## - MEDYA TÜRÜ
Media type term aracısız
Media type code n
Source rdamedia
338 ## - TAŞIYICI TÜRÜ
Carrier type term cilt
Carrier type code nc
Source rdacarrier
490 0# - DİZİ BİLDİRİMİ
Dizi Bildirimi
650 #0 - KONU BAŞLIĞI EK GİRİŞ - KONU TERİMİ
Konusal terim veya coğrafi ad Ottoman Imperialism--Environment.
9 (RLIN) 110275
650 #0 - KONU BAŞLIĞI EK GİRİŞ - KONU TERİMİ
Konusal terim veya coğrafi ad Ottoman Empire--City.
9 (RLIN) 110276
830 0# - SERİ EK GİRİŞİ - TEKBİÇİM ESER ADI
Tekbiçim Başlık
9 (RLIN) 1620
942 ## - EK GİRİŞ ÖGELERİ (KOHA)
Source of classification or shelving scheme Library of Congress Classification
Koha item type Book
Holdings
Materyal Türü Kalıcı Konum Mevcut Konum Raf Yeri Sınıflandırma Kaynağı Edinim Bilgisi Ana Konular Alt Konular Yer Numarası Demirbaş Numarası Fatura Tarihi Geri Çekilme Durumu Kayıp Durumu Hasarlı Durumu Kredi için değil Kayıt Tarih Toplam Ödünçverme Son Görülme Tarihi Son Kontrol Tarihi Genel / Bağış Notu
Book BŞEÜ Bozüyük MYO Kütüphanesi BŞEÜ Bozüyük MYO Kütüphanesi   Library of Congress Classification Bağış SOSYAL BİLİMLER Topluluklar, Sınıflar, Irklar HT169.T9 O86 2015 0064326 02/02/2026         06/03/2019   04/03/2025 04/03/2025 Genel Bağış
Book BŞEÜ Söğüt MYO Kütüphanesi BŞEÜ Söğüt MYO Kütüphanesi   Library of Congress Classification Bağış SOSYAL BİLİMLER Topluluklar, Sınıflar, Irklar HT169.T9 O86 2015 0064448 02/02/2026         08/03/2019   04/03/2025 04/03/2025 Genel Bağış
Book Prof. Dr. Azmi Özcan Kütüphanesi Prof. Dr. Azmi Özcan Kütüphanesi Uluğbey Salonu Library of Congress Classification Bağış SOSYAL BİLİMLER Topluluklar, Sınıflar, Irklar HT169.T9 O86 2015 0059619 02/02/2026         28/11/2016 1 05/12/2024 05/12/2024 Genel Bağış